The Hobbit Quiz - Statistics

General Stats
  • This quiz has been taken 95 times
  • The average score is 26 of 42
Answer Stats
Question Answer % Correct
One of the Thirteen Dwarfs Fili
93%
One of the Thirteen Dwarfs Thorin Oakenshield
93%
One of the Three Wizards that appear in The Hobbit Gandalf the Grey
92%
One of the Thirteen Dwarfs Kili
92%
The Hobbit Bilbo Baggins
89%
One of the Thirteen Dwarfs Balin
85%
One of the Thirteen Dwarfs Bombur
85%
One of the Three Wizards that appear in The Hobbit Radagast the Brown
83%
The Dragon Under the Mountain Smaug
83%
One of the Thirteen Dwarfs Dwalin
82%
Iconic Elf Legolas
82%
One of the Thirteen Dwarfs Ori
82%
One of the Thirteen Dwarfs Dori
79%
One of the Thirteen Dwarfs Gloin
79%
One of the Thirteen Dwarfs Nori
79%
One of the Thirteen Dwarfs Bifur
76%
One of the Thirteen Dwarfs Bofur
76%
One of the Thirteen Dwarfs Oin
75%
Main Antagonist Azog the Defiler
65%
The Skin Changer Beorn
65%
One of the Three Movies Names An Unexpected Journey
64%
One of the Three Movies Names The Desolation of Smaug
64%
The Name of Bilbo's Sword Sting
61%
One of the Five Armies from he Final Movie Elves
60%
What I think the Fifth army should have been Orcs
60%
The "She-Elf" Tauriel
60%
One of the Three Movies Names The Battle of the Five Armies
58%
One of the Five Armies from he Final Movie Men
57%
The forest where the Dwarfs come across giant spiders Mirkwood
56%
Main Antagonist's Son/Spawn Bolg
53%
Who becomes king after Thorin Dies? Dain Ironfoot
50%
One of the Five Armies from he Final Movie Dwarfs
49%
One of the Five Armies from he Final Movie Goblins
43%
One of the Three Trolls Who Capture the Dwarfs Tom
43%
One of the Three Trolls Who Capture the Dwarfs William
40%
One of the Five Armies from he Final Movie Eagles
36%
One of the Three Trolls Who Capture the Dwarfs Bert
35%
The Name of Gandalf's Sword Glamdring
31%
An Orc Strong Hold to the North Gundabad
31%
The Important Item Bilbo Forgets Handkerchief
31%
What sword were the goblins scared of? The Goblin Cleaver
18%
One of the Three Wizards that appear in The Hobbit Sauroman the White
6%
No matching quizzes found
Score Distribution
Percent of People with Each Score
Percentile by Number Answered
Your Score History
You have not taken this quiz